Wie aus Schwäche Stärke wird: vom Umgang mit Lebenskrisen

Literaturverz. S. 305 - 312

Guardado en:  
Detalles Bibliográficos
Autor principal: Meueler, Erhard 1938- (Autor)
Tipo de documento: Print Libro
Lenguaje:Alemán
Publicado: Reinbek bei Hamburg Rowohlt-Verl. 1987
En:Año: 1987
Edición:1. Aufl.
Acceso en línea: Cover (Publisher)
Índice
Verificar disponibilidad: HBZ Gateway
Servicio de pedido Subito: Pedir ahora.
Palabras clave:

MARC

LEADER 00000cam a2200000 c 4500
001 015846857
003 DE-627
005 20260206204742.0
007 tu
008 871006s1987 gw ||||| 00| ||ger c
015 |a 87,A24,0163  |2 dnb 
016 7 |a 870700022  |2 DE-101 
020 |a 3498043080  |9 3-498-04308-0 
035 |a (DE-627)015846857 
035 |a (DE-603)007310013 
035 |a (DE-576)012977551 
035 |a (DE-599)GBV015846857 
035 |a (OCoLC)40567676 
035 |a (OCoLC)74837850 
040 |a DE-627  |b ger  |c DE-627  |e rakwb 
041 |a ger 
044 |c XA-DE 
084 |a PSY 840  |2 sfb 
084 |a 11  |2 sdnb 
084 |a CP 3500  |2 rvk  |0 (DE-625)rvk/18979: 
084 |a BT 2010  |2 rvk  |0 (DE-625)rvk/16733: 
084 |a CP 3900  |2 rvk  |0 (DE-625)rvk/18983: 
084 |a CU 8030  |2 rvk  |0 (DE-625)rvk/19127: 
100 1 |a Meueler, Erhard  |d 1938-  |0 (DE-588)120304376  |0 (DE-627)080592406  |0 (DE-576)16221782X  |4 aut 
109 |a Meueler, Erhard 1938-  |a Meueler-Schade, ... 1938- 
245 1 0 |a Wie aus Schwäche Stärke wird  |b vom Umgang mit Lebenskrisen  |c Erhard Meueler 
250 |a 1. Aufl. 
264 1 |a Reinbek bei Hamburg  |b Rowohlt-Verl.  |c 1987 
300 |a 318 S.  |b Ill., graph. Darst  |c 21 cm 
336 |a Text  |b txt  |2 rdacontent 
337 |a ohne Hilfsmittel zu benutzen  |b n  |2 rdamedia 
338 |a Band  |b nc  |2 rdacarrier 
361 1 |5 DE-18  |y 4808172674  |s R/24084  |o Vorbesitz  |a Bucharchiv des Rowohlt-Verlages 
500 |a Literaturverz. S. 305 - 312 
505 8 |a Literaturverz. S. 305 - 312 
520 |a Literaturverz. S. 305 - 312 
583 1 |a Massenentsäuert  |c 2009  |2 pdager  |5 DE-18 
583 1 |a Archivierung prüfen  |c 20240324  |f DE-4165  |z 3  |2 pdager 
650 4 |a Lebenskrise 
689 0 0 |d s  |0 (DE-588)4122258-1  |0 (DE-627)105763780  |0 (DE-576)209549912  |a Lebenskrise  |2 gnd 
689 0 |5 DE-101 
689 1 0 |d s  |0 (DE-588)4122258-1  |0 (DE-627)105763780  |0 (DE-576)209549912  |a Lebenskrise  |2 gnd 
689 1 |5 (DE-627) 
856 4 2 |u http://ecx.images-amazon.com/images/I/51op%2BfXxJbL._SL500_SY445_.jpg  |x Verlag  |y Cover  |3 Cover  |7 1 
856 4 2 |u http://d-nb.info/870700022/04  |m B:DE-101  |q application/pdf  |v 20130501  |x Verlag  |3 Inhaltsverzeichnis  |7 1 
935 |a mteo 
935 |i Blocktest 
935 |h HEB  |i 0501 
935 |h HEB  |i 0503 
936 r v |a CP 3500  |b Zusammenfassendes und allgemeine Darstellungen  |k Psychologie  |k Allgemeine Psychologie  |k Konflikt, Angst, Aggression, Frustration, Stress  |k Zusammenfassendes und allgemeine Darstellungen  |0 (DE-627)1429797266  |0 (DE-625)rvk/18979:  |0 (DE-576)359797261 
936 r v |a BT 2010  |b Pastoralanthropologie  |k Theologie und Religionswissenschaften  |k Pastoraltheologie und Missionswissenschaft  |k Einzeldarstellungen zur Pastoraltheologie  |k Pastoralanthropologie  |0 (DE-627)1270760157  |0 (DE-625)rvk/16733:  |0 (DE-576)200760157 
936 r v |a CP 3900  |b Stress  |k Psychologie  |k Allgemeine Psychologie  |k Konflikt, Angst, Aggression, Frustration, Stress  |k Stress  |0 (DE-627)1271570785  |0 (DE-625)rvk/18983:  |0 (DE-576)201570785 
936 r v |a CU 8030  |b Krisenintervention  |k Psychologie  |k Klinische Psychologie  |k Psychologische Behandlungsmethoden, Psychotherapie  |k Krisenintervention  |0 (DE-627)142979996X  |0 (DE-625)rvk/19127:  |0 (DE-576)359799965 
936 s n |a b100  |2 mzub 
936 s n |a c200  |2 mzub 
951 |a BO 
ELC |b 1 
LOK |0 000 xxxxxcx a22 zn 4500 
LOK |0 001 3265949729 
LOK |0 003 DE-627 
LOK |0 004 015846857 
LOK |0 005 20131113122753 
LOK |0 008 131113||||||||||||||||ger||||||| 
LOK |0 040   |a DE-21-110  |c DE-627  |d DE-21-110 
LOK |0 689   |a s  |a Krisenintervention 
LOK |0 689   |a s  |a Lebenskrisen 
LOK |0 852   |z Kein Bestand am IfK; Nachweis für KrimDok 
LOK |0 852   |a DE-21-110 
LOK |0 852 1  |9 00 
LOK |0 935   |a k110 
LOK |0 939   |a 13-11-13  |b l01 
ORI |a SA-MARC-krimdoka001.raw